000
00287nam a22001337a 4500
008
170713b xxu||||| |||| 00| 0 eng d
020
_a
9780805385779
041
_a
eng
080
_a
573
100
_a
11
101
_a
SHM
245
_a
LIFE IN THE UNIVERSE
_c
BENNETT
942
_2
udc
_c
BK
999
_c
20558
_d
20558